000 00980nam a2200277 i 4500
003 EG-GICUC
005 20260324103316.0
008 260324s1994 enk||||fr|||| 00| 0 eng d
020 _a1850445052
040 _aEG-GiCUC
_beng
_cEG-GiCUC
_dEG-GiCUC
_erda
082 0 4 _221
_a347.224
092 0 4 _221
099 _aLaw 12 1994
100 1 _aThomas, D. Rhidian.
245 1 4 _aThe law and practice relating to appeals from arbitration awards :
_ba thematic analysis of the arbitration Act 1979 /
_cby D. Rhidian Thomas.
264 _aLondon :
_bLloyd's of London Press Ltd,
_c1994.
300 _alviii, 608 pages ;
_c24 cm
336 _2rda content
_atext
337 _2rda media
_aComputer
338 _2rda carrier
_aOnline Resource
650 0 _aArbitration and awards
_xLaw and legislation
_zGreat Britain.
650 0 _aAppellates procedure
_zGreat Britain.
856 4 0 _uhttps://fll.law.cu.edu.eg/fulltext/bks/ENGB12-00103.pdf
905 _a10
942 _2ddc
_cBK
_e21
_n0
999 _c66581
_d66581